مكتبة جامعة عجلون الوطنية

فهرس بحث المكتبة

خلافة الدولة والآثار المترتبة عليها / (Record no. 33988)

MARC details
000 -LEADER
fixed length control field 00619nam a22001817a 4500
003 - CONTROL NUMBER IDENTIFIER
control field JO-AjAnu
005 - DATE AND TIME OF LATEST TRANSACTION
control field 20250930090544.0
008 - FIXED-LENGTH DATA ELEMENTS--GENERAL INFORMATION
fixed length control field 250928b jo ||||| |||| 00| 0 ara d
040 ## - CATALOGING SOURCE
Original cataloging agency anu
Transcribing agency JO-AjAnu
041 ## - LANGUAGE CODE
Language code of original ara
100 ## - MAIN ENTRY--PERSONAL NAME
Personal name أيوب، مها محمد
Relator term مؤلف
9 (RLIN) 66660
245 ## - TITLE STATEMENT
Title خلافة الدولة والآثار المترتبة عليها /
Statement of responsibility, etc. مها محمد ابوب
250 ## - EDITION STATEMENT
Edition statement ط1
260 ## - PUBLICATION, DISTRIBUTION, ETC.
Place of publication, distribution, etc. القاهرة :
Name of publisher, distributor, etc. دار وليد للنشر والتوزيع والبرمجيات؛
Date of publication, distribution, etc. 2021
300 ## - PHYSICAL DESCRIPTION
Extent 352 صفحة
650 ## - SUBJECT ADDED ENTRY--TOPICAL TERM
Form subdivision القانون الدولي العام
942 ## - ADDED ENTRY ELEMENTS (KOHA)
Source of classification or shelving scheme Library of Congress Classification
Koha item type Books
Suppress in OPAC No
Holdings
Withdrawn status Lost status Source of classification or shelving scheme Damaged status Not for loan Home library Current library Date acquired Total Checkouts Full call number Barcode Date last seen Price effective from Koha item type
    Library of Congress Classification     مكتبة جامعة عجلون الوطنية مكتبة جامعة عجلون الوطنية 28/09/2025   JX1245.2021 A30403 28/09/2025 28/09/2025 Books